000 01373nam a22003617a 4500
003 CHAP
005 20220329143538.0
008 100504s2009 mx r 00010 spa d
010 _a98332
011 _a99304
035 _a109990
040 _cCHAP
090 _aTesis
100 1 _aOrtega Naredo, Valeriano
_983839
245 1 0 _aEstudio hidrogeológico en la zona Mata Obscura, municipio de Totutla, Veracruz
_c/por Valeriano Ortega Naredo y Rodrigo Roblero Hidalgo
260 _aChapingo, Méx. :
_bEl autor,
_c2009
300 _a124 h. :
_bilus., cuadros, gráfs., mapas
502 _aTesis (Ing. en Irrigación) -- UACH. Departamento de Irrigación
590 _aALEPH
_b10
_c20130110
_lUCH01
_h1534
590 _aBATCH-UPD
_b10
_c20130110
_lUCH01
_h1501
590 _aBATCH-UPD
_b10
_c20130410
_lUCH01
_h0923
590 _aBATCH-UPD
_b10
_c20130914
_lUCH01
_h1615
590 _aCONVERSION
_b10
_c20130109
_lUCH01
_h1354
650 0 4 _aHidrología
_xInvestigación.
_955264
650 1 4 _aAgua
_xAprovechamiento.
_92282
650 1 4 _aPozos profundos
_zVeracruz.
_991216
650 1 4 _aRecursos hidráulicos
_xVeracruz.
_995130
700 1 _aRoblero Hidalgo, Rodrigo
_998050
901 _aBK
942 _cFOLL
949 _aTesis
_bBC
_cTES
_d33724002139512
_eTS2
_fc.2
_gDonaciØn
_h50499
_i109990
_sb
949 _aTesis
_bBC
_cTES
_d33724002139553
_eTS1
_gDonaciØn
_h50498
_i109990
_sb
999 _c98332
_d98332